Pepita Jiménez
Salvato in:
| Autore principale: | |
|---|---|
| Natura: | Libro |
| Lingua: | Undetermined |
| Pubblicazione: |
Buenos Aires, Argentina
Editorial Kapelusz
1966
|
| Edizione: | 3 edición |
| Soggetti: | |
| Tags: |
Aggiungi Tag
Nessun Tag, puoi essere il primo ad aggiungerne!!
|
MARC
| LEADER | 00000nam a2200000Ia 4500 | ||
|---|---|---|---|
| 008 | 170316s9999 xx 000 0 und d | ||
| 999 | |c 10583 |d 10583 | ||
| 040 | |c cru BVZT | ||
| 090 | |a 862 V-4p | ||
| 100 | |a Valera, Juan | ||
| 245 | |a Pepita Jiménez | ||
| 250 | |a 3 edición | ||
| 260 | |a Buenos Aires, Argentina |b Editorial Kapelusz |c 1966 | ||
| 300 | |a 191 páginas | ||
| 650 | |a LITERATURA ESPAÑOLA |9 23 | ||
| 650 | |a NOVELA PEPITA JIMÉNEZ | ||
| 650 | |a VALERA JUAN | ||
| 942 | |c 15 D |h 862 V-4p |2 z | ||
